¿hay vida en otros mundos? /
Guardado en:
| Autor Principal: | |
|---|---|
| Formato: | Libro |
| Publicado: |
Buenos Aires :
Pomaire,
1963
|
| Materias: | |
| Etiquetas: |
Agregar Etiqueta
Sin Etiquetas, Sea el primero en etiquetar este registro!
|
| LEADER | 00524nam a22001935a 4500 | ||
|---|---|---|---|
| 001 | CEM.cems000511 | ||
| 005 | 20060210000000.0 | ||
| 008 | 130507s1963##################000#0#####d | ||
| 003 | CEMS | ||
| 082 | 0 | 4 | |a 523.0574 |
| 100 | 1 | |a Anderson, Poul | |
| 245 | 1 | 0 | |a ¿hay vida en otros mundos? / |
| 260 | |a Buenos Aires : |b Pomaire, |c 1963 | ||
| 300 | |a 258 p. | ||
| 653 | |a Astronomia | ||
| 653 | |a Radioastronomia | ||
| 653 | |a Vida extraterrestre | ||
| 653 | |a Vida-origen | ||
| 859 | |a CEMS |b BIB. CEMS - 11 de abril |h 523.0574 |i An23 |p 7543.80 |t Ej.1 | ||
